<?xml version="1.0" encoding="UTF-8"?>
<record
    xmlns:xsi="http://www.w3.org/2001/XMLSchema-instance"
    xsi:schemaLocation="http://www.loc.gov/MARC21/slim http://www.loc.gov/standards/marcxml/schema/MARC21slim.xsd"
    xmlns="http://www.loc.gov/MARC21/slim">

  <leader>00824nam a22002057a 4500</leader>
  <datafield tag="999" ind1=" " ind2=" ">
    <subfield code="c">58984</subfield>
    <subfield code="d">58984</subfield>
  </datafield>
  <controlfield tag="003">Ge_BSU</controlfield>
  <controlfield tag="005">20221027120655.0</controlfield>
  <controlfield tag="008">221027s2002    ge ||||| |||| 00| 0 geo d</controlfield>
  <datafield tag="020" ind1=" " ind2=" ">
    <subfield code="a">999289329X </subfield>
  </datafield>
  <datafield tag="041" ind1=" " ind2=" ">
    <subfield code="a">geo</subfield>
  </datafield>
  <datafield tag="080" ind1=" " ind2=" ">
    <subfield code="a">330.34 &#x10DA;-42</subfield>
  </datafield>
  <datafield tag="100" ind1=" " ind2=" ">
    <subfield code="a">&#x10DA;&#x10D4;&#x10DB;&#x10DD;&#x10DC;&#x10EF;&#x10D0;&#x10D5;&#x10D0;, &#x10DE;&#x10D0;&#x10E0;&#x10DB;&#x10D4;&#x10DC;</subfield>
    <subfield code="9">15576</subfield>
  </datafield>
  <datafield tag="245" ind1=" " ind2=" ">
    <subfield code="a">&#x10D4;&#x10D9;&#x10DD;&#x10DC;&#x10DD;&#x10DB;&#x10D8;&#x10D9;&#x10E3;&#x10E0;&#x10D8; &#x10D2;&#x10D0;&#x10DC;&#x10D5;&#x10D8;&#x10D7;&#x10D0;&#x10E0;&#x10D4;&#x10D1;&#x10D8;&#x10E1; &#x10DE;&#x10E0;&#x10DD;&#x10D1;&#x10DA;&#x10D4;&#x10DB;&#x10D4;&#x10D1;&#x10D8; /</subfield>
    <subfield code="c">[&#x10E0;&#x10D4;&#x10D3;.: &#x10E0;. &#x10E5;&#x10E3;&#x10E2;&#x10D8;&#x10EB;&#x10D4;].</subfield>
  </datafield>
  <datafield tag="264" ind1=" " ind2=" ">
    <subfield code="a">&#x10D7;&#x10D1;&#x10D8;&#x10DA;&#x10D8;&#x10E1;&#x10D8; :</subfield>
    <subfield code="b">[&#x10D8;&#x10DC;&#x10DD;&#x10D5;&#x10D0;&#x10EA;&#x10D8;&#x10D0;], </subfield>
    <subfield code="c">2009.</subfield>
  </datafield>
  <datafield tag="300" ind1=" " ind2=" ">
    <subfield code="a">27 &#x10D2;&#x10D5;. ;</subfield>
    <subfield code="b"> 20 &#x10E1;&#x10DB;.</subfield>
  </datafield>
  <datafield tag="504" ind1=" " ind2=" ">
    <subfield code="a">&#x10D1;&#x10D8;&#x10D1;&#x10DA;&#x10D8;&#x10DD;&#x10D2;&#x10E0;.: &#x10D2;&#x10D5;. 24.</subfield>
  </datafield>
  <datafield tag="653" ind1=" " ind2=" ">
    <subfield code="a">&#x10D4;&#x10D9;&#x10DD;&#x10DC;&#x10DD;&#x10DB;&#x10D8;&#x10D9;&#x10E3;&#x10E0;&#x10D8; &#x10D2;&#x10D0;&#x10DC;&#x10D5;&#x10D8;&#x10D7;&#x10D0;&#x10E0;&#x10D4;&#x10D1;&#x10D0;</subfield>
  </datafield>
  <datafield tag="700" ind1=" " ind2=" ">
    <subfield code="a">&#x10E5;&#x10E3;&#x10E2;&#x10D8;&#x10EB;&#x10D4;, &#x10E0;.</subfield>
    <subfield code="e">&#x10E0;&#x10D4;&#x10D3;&#x10D0;&#x10E5;&#x10E2;&#x10DD;&#x10E0;&#x10D8;</subfield>
    <subfield code="9">15577</subfield>
  </datafield>
  <datafield tag="942" ind1=" " ind2=" ">
    <subfield code="2">udc</subfield>
    <subfield code="c">BK</subfield>
  </datafield>
  <datafield tag="952" ind1=" " ind2=" ">
    <subfield code="0">0</subfield>
    <subfield code="1">0</subfield>
    <subfield code="2">udc</subfield>
    <subfield code="4">0</subfield>
    <subfield code="6">33034_&#x10DA;42</subfield>
    <subfield code="7">0</subfield>
    <subfield code="9">92784</subfield>
    <subfield code="a">CPL</subfield>
    <subfield code="b">CPL</subfield>
    <subfield code="c">GEN</subfield>
    <subfield code="d">2022-10-27</subfield>
    <subfield code="g">2.00</subfield>
    <subfield code="o">330.34 &#x10DA;-42</subfield>
    <subfield code="p">28785</subfield>
    <subfield code="r">2022-10-27</subfield>
    <subfield code="t">28785</subfield>
    <subfield code="w">2022-10-27</subfield>
    <subfield code="y">BK</subfield>
    <subfield code="z">2 &#x10DA;.</subfield>
  </datafield>
</record>
